000 00875cam a2200253 i 4500
999 _c531645
_d531645
001 18534894
005 20191022181841.0
008 150320s2015 nyua b 001 0 eng
010 _a 2015010472
020 _a9781634825443 (hardcover)
040 _cDLC
082 0 0 _a621.317
100 _aChoi, Seung-Bok
_924548
245 0 0 _aSmart materials actuators :
_brecent advances in characterization and applications /
_cSeung-Bok Choi and Jaewhan Kim, editors.
264 1 _aNew York, USA :
_bNova Publishers,
_c[2015]
300 _aviii, 309 pages :
_billustrations ;
_c26 cm.
490 0 _aElectrical engineering developments
504 _aIncludes bibliographical references and index.
650 0 _aActuators
_xMaterials.
_924549
650 0 _aSmart materials.
_918322
700 1 _aChoi, Seung-Bok.
_924548
700 1 _aKim, Jaewhan.
_924550
942 _2ddc
_cBK